000 01251nam a22002417a 4500
003 NALT
005 20251125232956.0
008 s2544 th tha d
020 _a9740310974
040 _aNALT
041 _atha
050 _aPN 1992.75
_bด123ก 2544
100 0 _aดนัยนพ เกราะทอง
_957059
245 1 0 _aกระบวนการแสวงหาข้อมูลสารสนเทศของสถานีวิทยุโทรทัศน์ไทยทีวีสีช่อง 3 อ.ส.ม.ท. /
_cดนัยนพ เกราะทอง.
260 _aกรุงเทพฯ :
_bจุฬาลงกรณ์มหาวิทยาลัย,
_c2544
300 _a130 หน้า :
_bภาพประกอบ, ตาราง ;
_c30 ซม.
650 0 4 _aข้อมูลสารสนเทศ
650 0 4 _aสถานีวิทยุโทรทัศน์ไทยทีวีสีช่อง 3 อ.ส.ม.ท. -- การค้นหาข้อมูล -- วิจัย
850 _aNALT
856 4 0 _uhttps://hdl.handle.net/20.500.14156/334998
942 _cRSH
_2lcc
999 _c46618
_d46618
998 _j109
_k อารีรัตน์ วิชาช่าง